00960 2200325 4500001002100000005001500021035002000036007000300056008004100059020002200100082001500122084001700137100002700154245004600181250004300227300004500270500001100315650002600326504003300352264005300385336002100438337003000459338002300489040002200512090002200534850001200556999002200568990002200590990002200612INLIS00000000086040320210615101610 a0010-0521000984ta210528s2020 yoia g 1 | ind d a978-602-450-520-204223a331.87 a331.87 AGU d0 aAgus MansurePengarang10aDesain organisasi industri /cAgus Mansur aCetakan I, Oktober 2020 M/Safar 1442 H ax, 114 halaman :bgambar, tabel ;c23 cm aindeks 4aOrganisasi industrial aBibliografi: halaman 109-11031aYogyakarta :bUniversitas Islam Indonesia,c2020 2rdacontentateks 2rdamediaatanpa perantara 2rdacarrieravolume aYOPDYOGbinderda aCB-D.11 2020-2950 aYOPDYOG aCB-D.11/2020-2950 aCB-D.11/2020-2352 aCB-D.11/2020-2950